000 00713nam a2200289Ia 4500
005 20260324140648.0
008 008 260324s9999 xx 000 0 eng d
020 _a9780203006993
037 _aEBOOK
040 _aCRL
040 _beng
040 _cCRL
041 _2eng
041 _aeng
084 _qCRL
100 _aRazeen Sally
_91205251
245 0 _aClassical Liberalism and International Economic Order
245 0 _bStudies in Theory and Intellectual History
260 _bTaylor and Francis
260 _c1998
365 _a
365 _b240
856 _uhttp://www.taylorfrancis.com/books/9780203006993
942 _cEBOOK
999 _c1807557
_d1807557